000 01088nam0a22002771 4500
001 RU\INFOCOMM_317\NLR\5000034383
005 20250614081207.0
035 _a(NLR Aleph) 010631240
090 _a10636598
_c10636598
100 _a20130329d1983 |||y0rusy50 ca
101 0 _aeng
102 _aRU
105 _ay z||||
200 1 _aElectrical exploration radio wave methods
_eSynopsis of lectures (course 2)
_fA. P. Savitzki
_gMin. of higher a. secondary spec. education RSFSR, Leningrad mining inst. (C. V. Plekhanov)
210 _aL.
_cG. V. Plekhanov Leningrad mining inst.
_d1983
215 _a30 с.
_d20 см
300 _aВ вып. дан.: Радиоволновые методы электроразведки: Текст лекций (курс 2) / А. П. Савицкий
620 _aСанкт-Петербург
686 _aД443.414.38я732
_2rubbk
700 1 _9z01790
_aSavickij
_bA. P.
790 1 _9z01700
_aSavitzki
_bA. P.
_4070
801 1 _aRU
_bInfocomm
_c20130329
801 0 _aRU
_bINFOCOMM
_gPSBO
852 _aNLR
_jГн01 Д-4/334
942 _cBOOK
980 _aNB